000 00456nam a2200181Ia 4500
001 8814
005 20260306160637.0
008 260306t2020||||xx |||||||||||||| ||spa||
041 _aESP
082 _a371.392
_bL35
100 _aL'Ecuyer, Catherine,
_eAUT
245 0 _aMaría Montessori :
_bante el legado pedagógico de Rousseau
260 _c2020
300 _a350 páginas :
_c23 cm.
650 _aGEN
654 _aCED
942 _cLIB
_dJUS
_fJUS
_2ddc
_n
999 _c8814
_d8814